000
00296nam a22001097a 4500
082
_a
536.2 ING'H
100
_a
ZOBEL, O. J,INGERSOLL, L. R
_9
74870
245
_a
HEAT CONDUCTION WITH ENGINEERING GEOLOGICAL AND OTHER APPLICATIONS
260
_a
USA
_b
WISCONSON
_c
1954
300
_a
325P
942
_c
BK
999
_c
580373
_d
580373